00219nam a2200073Ia 4500082000800000245002000008100007600028008004100104 aLIN 0aDuisend sterre  a LINGUA, Susanna M. (Susanna Myburgh) Pretoria, 1993 Grootdrukuitg 210817s9999 xx 000 0 und d